000 00870nam a2200253Ia 4500
003 OSt
005 20220925234516.0
006 a|||||r|||| 00| 0
007 ta
008 220923b |||||||| |||| 00| 0 eng d
020 _a9788184975239
_c590.75
037 _bBBS/62, 25/10/2012, Better Book Service
_cGeneral Book
040 _aRTL
_cRTL
_beng
041 _2eng
_aeng
082 _aX:8:(S:44), Q2
100 _aBACON Terry R.
_9300215
245 0 _aBehavioral advantage
_b What the smartest, most succcessful companies do differently to win in the B2B arena.
260 _a New Delhi
_bBPI India.
_c2012
300 _axi,308p.
_ccm.
650 _aCommerce
700 _a PUGH David G.
_9300216
942 _hX:8:(S:44), Q2
_cGB
_2CC
999 _c595766
_d595766